000 01139naa a22002897a 4500
001 BR7503538
003 BR-BrBNA
005 20250714141723.0
007 ta
008 250630b bl.|||m| |||| 00| 0 por d
040 _aBR-BrBNA
_bpor
_cBiblioteca Nacional de Agricultura
041 _a(Pt)
072 _aT00
_b/G514
_bGZ35
090 _aT00 BR7503538
100 1 _aCantergi, A.
111 1 _a1. Encontro Nacional sobre a Protecao e Melhoria do Meio Ambiente
_cBrasilia, DF (Brazil)
_d1975
245 1 _aA poluicao das aguas no estado do Rio Grande do Sul [Brasil]
500 _aAnais do 1. Encontro Nacional sobre a Protecao e Melhoria do Meio Ambiente Brasilia, DF (Brasil): 1975. v. 2 p. 203-217 (BR7503538-AMS)
773 0 _tAnais do 1. Encontro Nacional sobre a Protecao e Melhoria do Meio Ambiente
_wT00 BR7503538
_gBrasilia, DF (Brasil), 1975. v. 2 p. 203-217
650 _aPOLUICAO
650 _aAGUA
650 _aBACIA HIDROGRAFICA
650 _aRIO GRANDE DO SUL
490 _aMeio Ambiente - Secretaria Especial do Meio Ambiente (Brazil)
_vno. 2
942 _cAMS
_2AGRIS
909 _a202506
_bLúcia
_c55
_dLúcia Elande
999 _c332896
_d332896